Library Banner

Islam in the African American experience/ (Record no. 95860)

MARC details
000 -LEADER
fixed length control field 00427nam a22001457a 4500
005 - DATE AND TIME OF LATEST TRANSACTION
control field 20180306112822.0
008 - FIXED-LENGTH DATA ELEMENTS--GENERAL INFORMATION
fixed length control field 170727b xxu||||| |||| 00| 0 eng d
040 ## - CATALOGING SOURCE
Transcribing agency PK-LaUMT
082 ## - DEWEY DECIMAL CLASSIFICATION NUMBER
Classification number ZIAC 297.08996073
Item number BRE-I
100 ## - MAIN ENTRY--PERSONAL NAME
Personal name Brent Turner , Richard
245 ## - TITLE STATEMENT
Title Islam in the African American experience/
Statement of responsibility, etc Richard Brent Turner
260 ## - PUBLICATION, DISTRIBUTION, ETC. (IMPRINT)
Place of publication, distribution, etc Bloomington:
Name of publisher, distributor, etc Indiana University Press,
Date of publication, distribution, etc 1997
300 ## - PHYSICAL DESCRIPTION
Extent 300 p.
942 ## - ADDED ENTRY ELEMENTS (KOHA)
Koha item type Books
Holdings
Withdrawn status Lost status Damaged status Home library Current library Date acquired Full call number Barcode Date last seen Price effective from Koha item type
      UMT Main Campus UMT Main Campus 2017-07-27 ZIAC 297.08996073 BRE-I 111507 2017-07-27 2017-07-27 Books